Wieś Słowików (mazowieckie) - Statystyki

Ogólne statystyki
  • Ten quiz został rozwiązany 15 razy
    14 od ostatniego zresetowania
  • Średni wynik to 6 z 10
Statystyki odpowiedzi
Pytanie Odpowiedź % Poprawnych
Powiat Radomski
100%
Gmina Przytyk
88%
Rzeka Płynąca przez Słowików Radomka
75%
Tablice Rejestracyjne WRA
75%
Ludność 115
63%
Kod Pocztowy 26-650
63%
Najbliższy sklep spożywczy Groszek
63%
Ulica w Słowikowie Domaniowska
50%
Czym zajmuje się serwis w Słowikowie ToiToi
50%
Rzeka Płynąca przez Słowików Wiązownica
13%
Nie znaleziono quizów pasujących do podanych kryteriów
Rozkład punktacji
Procent ludzi z każdym wynikiem
Percentyl według liczby udzielonych odpowiedzi
Twoja historia wyników
Nie rozwiązałeś tego quizu od ostatniego zresetowania